000 00217nam a2200097Ia 4500
005 20251222114416.0
008 251222s1900||||xx |||||||||||||| ||spa||
082 _aDVD0070/K29/1952
245 0 _aViva Zapata:
942 _cDVD
999 _c2248
_d2248